|
|
|
|
| LEADER |
00000nab a2200000 a 4500 |
| 001 |
vtls000319792 |
| 003 |
SK-MaSNL |
| 005 |
20260304082946.0 |
| 008 |
250424c1978 xo 0 slo |
| 015 |
|
|
|a SNBRB19rr/mm-uuuuu
|
| 035 |
|
|
|a CL0009884
|
| 035 |
|
|
|a urn:nbn:sk:snk-ab2li0
|
| 035 |
|
|
|a (urnnbn)urn:nbn:sk:snk:ar-a02m48
|
| 035 |
|
|
|a (uuid)979759b3-56ff-44cd-960f-193ac81bc1af
|
| 040 |
|
|
|a SNKBUCL
|b slo
|c SNKBUCL
|e AACR2
|
| 041 |
0 |
|
|a slo
|
| 044 |
|
|
|a xo
|c SK
|
| 080 |
|
|
|a 633.4
|2 1981
|
| 080 |
|
|
|a 631.1
|2 1981
|
| 100 |
1 |
|
|a Daňo, Michal
|4 aut
|9 943718
|
| 245 |
1 |
0 |
|a Rozbor nákladnosti pestovania poľnej zeleniny v JRD Dolný Peter
|c Michal Daňo
|
| 300 |
|
|
|b Tb. 4.
|
| 650 |
0 |
7 |
|a zelenina
|2 snkbucl
|9 2731
|
| 650 |
0 |
7 |
|a družstvá roľnícke
|2 snkbucl
|9 881518
|
| 655 |
|
7 |
|a články z novín a časopisov
|2 snkbucl
|9 267496
|
| 773 |
0 |
|
|t Ekonomika poľnohospodárstva
|g Roč. 17, č. 4 (1978), s. 176-177
|
| 850 |
|
|
|a Slovenská národná knižnica
|
| 852 |
|
|
|a Slovenská národná knižnica
|
| 954 |
|
|
|a odborná, vedecká literatúra pôvodná (slovenská)
|2 lita
|
| 957 |
|
|
|a 5204
|
| 958 |
|
|
|a article27
|
| 958 |
|
|
|a RK
|
| 958 |
|
|
|a OND
|
| 958 |
|
|
|a EUIPO
|
| 992 |
|
|
|a RBX
|
| 999 |
|
|
|c 2798913
|d 2800843
|